Global tectonics

Αποθηκεύτηκε σε:
Λεπτομέρειες βιβλιογραφικής εγγραφής
Κύριος συγγραφέας: Kearey, P.
Άλλοι συγγραφείς: Vine, F. J.
Μορφή: Βιβλίο
Γλώσσα:English
Δημοσίευση: Boston : Blackwell Science, 2004
Έκδοση:2nd ed.
Θέματα:
Ετικέτες: Προσθήκη ετικέτας
Δεν υπάρχουν, Καταχωρήστε ετικέτα πρώτοι!

MARC

LEADER 00000nam a2200000 i 4500
001 1/20571
008 051212s2004 eng d
020 |a 0-86542-924-3 
035 |l 10081649 
040 |a GR-MY-UA  |b gre  |e aacr 
041 0 |a eng 
082 0 |a 551.136  |2 (22) 
100 1 |a Kearey, P. 
245 1 0 |a Global tectonics /  |c Philip Kearey, Frederick J. Vine 
250 |a 2nd ed. 
260 |a Boston :   |b Blackwell Science,   |c 2004 
300 |a x, 333 σ.;  |b εικ.;  |c 25 εκ. 
504 |a Περιέχει βιβλιογραφία (σ. 303-322) και ευρετήριο 
650 0 0 |a Plate tectonics. 
700 1 |a Vine, F. J. 
852 |a INST  |b LESVOS  |e 20051212  |h 551.136 KEA  |p 005100033776  |q 005100033776  |t BK  |y 0 
852 |a INST  |b LESVOS  |e 20051212  |h 551.136 KEA  |p 005100033777  |q 005100033777  |t BK  |y 0 
852 |a INST  |b LESVOS  |e 20051212  |h 551.136 KEA  |p 005100033778  |q 005100033778  |t BK  |y 0 
852 |a INST  |b LESVOS  |e 20051212  |h 551.136 KEA  |p 005100033779  |q 005100033779  |t BK  |y 0 
852 |a INST  |b LESVOS  |e 20051212  |h 551.136 KEA  |p 005100033780  |q 005100033780  |t BK  |y 0 
901 |a BIBL1-2005-3 
909 |a Λ  |b 117781 
909 |a Λ  |b 117780 
909 |a Λ  |b 117779 
909 |a Λ  |b 117778 
909 |a Λ  |b 117777 
920 |a ΔΙΕΥΡΥΝΣΗ  |b ΕΠΕΑΕΚ-ΤΕΘ  |y ΛΕΣΒΟΣ  |z 2005-10 
970 |a ΚΑΡΑ  |b ΓΙΑΣΕΜΗ  |z 2005/12/12